La casa de las sirenas pálidas novela
Guardado en:
| Autor principal: | |
|---|---|
| Formato: | Desconocido |
| Lenguaje: | Spanish |
| Publicado: |
Panamá
Editorial Signos
1983
|
| Edición: | 1. edición |
| Colección: | Portobello
12 |
| Materias: | |
| Etiquetas: |
Agregar Etiqueta
Sin Etiquetas, Sea el primero en etiquetar este registro!
|
MARC
| LEADER | 000000000a22000000004500 | ||
|---|---|---|---|
| 001 | 000170 | ||
| 008 | 140516s1982 p |||f |||| 000 f spa d | ||
| 020 | |a 9684860307 | ||
| 041 | 0 | |a español | |
| 082 | |a P863.4 Ch559c | ||
| 100 | 1 | |a Chuez, Enrique | |
| 245 | 1 | 3 | |a La casa de las sirenas pálidas |b novela |c Enrique Chuez |
| 250 | |a 1. edición | ||
| 260 | |a Panamá |b Editorial Signos |c 1983 | ||
| 300 | |a 104 páginas | ||
| 490 | 0 | |a Portobello |v 12 | |
| 500 | |a número de inscripción 00028 | ||
| 650 | 4 | |a LITERATURA PANAMEÑA |v NOVELA | |
| 942 | |2 ddc |c BK | ||
| 999 | |c 1003 |d 1003 | ||



